Khandan / (Record no. 55887)

MARC details
000 -LEADER
fixed length control field 04217nam a22005537a 4500
001 - CONTROL NUMBER
control field DVD-007756-764
005 - DATE AND TIME OF LATEST TRANSACTION
control field 20110824122624.0
006 - FIXED-LENGTH DATA ELEMENTS--ADDITIONAL MATERIAL CHARACTERISTICS--GENERAL INFORMATION
fixed length control field a|||||r|||||00| 0
007 - PHYSICAL DESCRIPTION FIXED FIELD--GENERAL INFORMATION
fixed length control field vd bvaizu
008 - FIXED-LENGTH DATA ELEMENTS--GENERAL INFORMATION
fixed length control field 091030s2008 ii 137 g vlhin
010 ## - LIBRARY OF CONGRESS CONTROL NUMBER
LC control number DVD-007756-764
024 ## - OTHER STANDARD IDENTIFIER
Standard number or code DHIF1738S
Terms of availability 349.00
035 ## - SYSTEM CONTROL NUMBER
System control number DVD-007756-764
040 ## - CATALOGING SOURCE
Original cataloging agency DLC
Transcribing agency DLC
Modifying agency DLC
Description conventions amim
082 ## - DEWEY DECIMAL CLASSIFICATION NUMBER
Classification number DVD / KHAN
245 00 - TITLE STATEMENT
Title Khandan /
Statement of responsibility, etc Produced by Vasu Films, directed by A. Bhimsingh; music by Ravi
257 ## - COUNTRY OF PRODUCING ENTITY FOR ARCHIVAL FILMS
Country of producing entity India.
260 ## - PUBLICATION, DISTRIBUTION, ETC. (IMPRINT)
Place of publication, distribution, etc New Delhi :
Name of publisher, distributor, etc Moser Baer Entertainment,
Date of publication, distribution, etc p2010.
300 ## - PHYSICAL DESCRIPTION
Extent 1 videodisc of 1 (DVD) :
Other physical details sd., b&w ;
Dimensions 4 3/4 in.
Materials specified viewing copy.
440 ## - SERIES STATEMENT/ADDED ENTRY--TITLE
Title Nutan Six classic films: 1
9 (RLIN) 33466
500 ## - GENERAL NOTE
General note Copyright notice on container: Moser baer
500 ## - GENERAL NOTE
General note Originally released theatrically in 1965.
500 ## - GENERAL NOTE
General note Summary taken from IMDB.com.
508 ## - CREATION/PRODUCTION CREDITS NOTE
Creation/production credits note Music ; Ravi
511 1# - PARTICIPANT OR PERFORMER NOTE
Participant or performer note Sunil Dutt, Nutan, Helan and Pran
520 ## - SUMMARY, ETC.
Summary, etc After the passing of Ramswaroop Lal, his two sons, Jeevandas and Shankar take over the control of their farmland. Jeevandas marries Bhagvanti and has no children, while Shankar marries Parvati and has two sons, Govind and Shyam. Due to an accident with an electric pole, Govind's right side gets paralyzed. Years later, Shyam has gone for further studies to the big city, while the only relatives of Bhagvanti, Navrangi Lal and his sister, Neelima, have moved in with the Lal family. When Shyam returns, he falls in love with Neelima, and then begin a series of misunderstandings and disagreements which result in the house being divided in two - with Jeevandas, Bhagvanti, Shyam, Navrangi, and Neelima on one side, and Govind, his wife, Radha, Shankar, and Parvati on the other. Navrangi borrows money from Bhagvanti and invests it in a Carnival, however, most of his earnings are stolen by two dancers...
538 ## - SYSTEM DETAILS NOTE
System details note NTSC all region
546 ## - LANGUAGE NOTE
Language note In Hindi. with English Subtitles
650 #0 - SUBJECT ADDED ENTRY--TOPICAL TERM
Topical term or geographic name as entry element Family
Form subdivision Drama.
9 (RLIN) 33467
650 #0 - SUBJECT ADDED ENTRY--TOPICAL TERM
Topical term or geographic name as entry element Musical
Form subdivision Drama.
9 (RLIN) 33469
700 1# - ADDED ENTRY--PERSONAL NAME
Personal name Bhimsingh, A.,
Relator term direction.
9 (RLIN) 33470
700 1# - ADDED ENTRY--PERSONAL NAME
Personal name Vasu, Ravi
Relator term production.
9 (RLIN) 33471
700 1# - ADDED ENTRY--PERSONAL NAME
Personal name Ravi
Relator term music.
9 (RLIN) 33472
700 1# - ADDED ENTRY--PERSONAL NAME
Personal name Rajendra Kishan
Relator term Story
9 (RLIN) 33505
710 2# - ADDED ENTRY--CORPORATE NAME
Corporate name or jurisdiction name as entry element Moser Baer (New Delhi, India)
9 (RLIN) 33473
856 ## - ELECTRONIC LOCATION AND ACCESS
Uniform Resource Identifier <a href="http://www.imdb.com/title/tt0059354/">http://www.imdb.com/title/tt0059354/</a>
942 ## - ADDED ENTRY ELEMENTS (KOHA)
Source of classification or shelving scheme Dewey Decimal Classification
Item type CD-ROMs, DVDs, VHS
Classification part DVD
Call number suffix KHAN
Holdings
Withdrawn status Lost status Source of classification or shelving scheme Materials specified (bound volume or other part) Damaged status Not for loan Collection code Home library Current library Date acquired Source of acquisition Cost, normal purchase price Total Checkouts Full call number Barcode Date last seen Date last borrowed Copy number Cost, replacement price Price effective from Koha item type Public note
    Dewey Decimal Classification DVD 1     Fiction Central Library Central Library 24/08/2011 pioneer/1226/28.3.11 349.00 2 DVD KHAN DVD-007756 03/12/2012 20/11/2012 1 349.00 24/08/2011 CD-ROMs, DVDs, VHS set of 6 DVD
    Dewey Decimal Classification DVD 1     Fiction Janak Puri Janak Puri 24/08/2011 pioneer/1226/28.3.11 349.00 3 DVD KHAN DVD-007758 08/02/2013 05/02/2013 1 349.00 24/08/2011 CD-ROMs, DVDs, VHS set of 6 DVD
    Dewey Decimal Classification DVD 1     Fiction Karol Bagh Karol Bagh 24/08/2011 pioneer/1226/28.3.11 349.00 2 DVD KHAN DVD-007762 17/11/2014 03/11/2014 1 349.00 24/08/2011 CD-ROMs, DVDs, VHS set of 6 DVD
    Dewey Decimal Classification DVD 1     Fiction Narela Narela 24/08/2011 pioneer/1226/28.3.11 349.00   DVD KHAN DVD-007763 24/08/2011   1 349.00 24/08/2011 CD-ROMs, DVDs, VHS set of 6 DVD
    Dewey Decimal Classification DVD 1     Fiction Patel Nagar Patel Nagar 24/08/2011 pioneer/1226/28.3.11 349.00 4 DVD KHAN DVD-007757 22/09/2013 22/09/2013 1 349.00 24/08/2011 CD-ROMs, DVDs, VHS set of 6 DVD
    Dewey Decimal Classification DVD 1     Fiction R.K.Puram-8 R.K.Puram-8 24/08/2011 pioneer/1226/28.3.11 349.00   DVD KHAN DVD-007760 24/08/2011   1 349.00 24/08/2011 CD-ROMs, DVDs, VHS set of 6 DVD
    Dewey Decimal Classification DVD 1     Fiction Sarojini Nagar Sarojini Nagar 24/08/2011 pioneer/1226/28.3.11 349.00 3 DVD KHAN DVD-007759 03/06/2013 18/05/2013 1 349.00 24/08/2011 CD-ROMs, DVDs, VHS set of 6 DVD
    Dewey Decimal Classification DVD 1     Fiction Shahdara Branch Shahdara Branch 24/08/2011 pioneer/1226/28.3.11 349.00   DVD KHAN DVD-007764 24/08/2011   1 349.00 24/08/2011 CD-ROMs, DVDs, VHS set of 6 DVD
    Dewey Decimal Classification DVD 1     Fiction Vinoba Puri Vinoba Puri 24/08/2011 pioneer/1226/28.3.11 349.00 4 DVD KHAN DVD-007761 11/05/2016 09/05/2016 1 349.00 24/08/2011 CD-ROMs, DVDs, VHS set of 6 DVD

© Delhi Public Library
Hit Counter
free hit counter